Guess the Fusion Rock Song Lyrics #330 - Statistics

General Stats
  • This quiz has been taken 13 times
  • The average score is 156 of 223
Answer Stats
Answer % Correct
can't
92%
Can't
92%
get
92%
head
92%
I
92%
it
92%
my
92%
No
92%
no
92%
of
92%
out
92%
the
92%
in
83%
In
83%
it's
83%
a
75%
an
75%
And
75%
and
75%
her
75%
is
75%
me
75%
on
75%
They
75%
as
67%
down
67%
for
67%
Oh
67%
ELO
58%
gone
58%
she
58%
Cause
50%
don't
50%
goes
50%
going
50%
Now
50%
dreams
42%
here
42%
Round
42%
round
42%
saw
42%
Tell
42%
whole
42%
world
42%
yeah
42%
Bank
33%
light
33%
sun
33%
Break
25%
city
25%
daughter
25%
dead
25%
job
25%
MIdnight
25%
ocean's
25%
Walking
25%
water
25%
called
17%
keeps
17%
move
17%
name
17%
shoreline
17%
wave's
17%
chicane
8%
ebb
8%
envy
8%
Hood
8%
Ivanhoe
8%
Lancelot
8%
Morning
8%
Robin
8%
Searching
8%
Sitting
8%
Staring
8%
tide
8%
til
8%
tonight
8%
William
8%
silver
0%
No matching quizzes found
Score Distribution
Percent of People with Each Score
Percentile by Number Answered
Your Score History
You have not taken this quiz